| 000 | 00654nam a22002057a 4500 | ||
|---|---|---|---|
| 005 | 20130312120935.0 | ||
| 008 | 050412s2005 enka b 001 0 eng d | ||
| 020 | _a0750666307 | ||
| 020 | _a9780750666305 | ||
| 082 |
_222 _a629.5 _bLAN |
||
| 100 |
_aLangston, Craig A. _932806 |
||
| 245 |
_aLife-Cost Approach to Building Evaluation / _cCraig A. Langston. |
||
| 260 |
_aOxford : _bButterworth Heinemann, _c2005. |
||
| 300 |
_a255 p. : _bill. ; _c25 cm. |
||
| 504 | _aIncludes bibliographical references and index. | ||
| 650 |
_aBuilding _xEstimates. _932807 |
||
| 650 |
_aBuilding _xCost control. _932808 |
||
| 653 |
_bArch _cMarch2013 |
||
| 942 |
_2ddc _cBB |
||
| 999 |
_c17350 _d17322 |
||